|
|
|
|
| LEADER |
00707nab#a2200289#ar4500 |
| 001 |
000102821 |
| 003 |
SVKKK |
| 005 |
20101111141159.0 |
| 008 |
080509c2009 xo |||||||||||||||b|slo |
| FMT |
|
|
|
| 015 |
|
|
|a SNBRB2010/11
|
| 038 |
|
|
|a SVKKK
|
| 040 |
|
|
|a SVKKK
|b slo
|e AACR2
|
| 041 |
0 |
|
|a slo
|
| 044 |
|
|
|a xo
|c SK
|
| 080 |
|
|
|a 556.51
|2 1997
|
| 080 |
|
|
|a 349.6
|2 1997
|
| 100 |
1 |
|
|a Kováč, Martin
|4 aut
|
| 245 |
1 |
0 |
|a Legislatívne podnety ZMOS
|c Martin Kováč
|
| 650 |
0 |
4 |
|a povodia
|x integrovaný manažment
|x legislatíva
|
| 773 |
0 |
|
|t Životné prostredie
|g Roč. 43, č. 6 (2009), s. 364-365
|x 0044-4863
|
| 974 |
|
|
|a Ni
|
| 992 |
|
|
|a RBX
|
| BAS |
|
|
|
| 852 |
|
|
|a SVKKK
|b BIB
|
| EXP |
|
|
|
| 998 |
|
|
|a GEO
|